| Tag |
First Indicator |
Second Indicator |
Subfields |
| LEADER |
00000cam a2200000 4500 |
| 001 |
in00000057048 |
| 005 |
20151008050935.0 |
| 008 |
760624s1930 nyu 00110 engm |
| 010 |
|
|
|a 30003960
|
| 035 |
|
|
|a (OCoLC)02277877
|
| 035 |
|
|
|9 AAG4459AM
|
| 040 |
|
|
|a DLC
|c AAA
|d AAA
|d TXA
|d UtOrBLW
|
| 049 |
|
|
|a TXAM
|c [164752]
|
| 050 |
0 |
0 |
|a JK1170
|b .F5
|
| 092 |
|
|
|a 328.739
|b F597t
|
| 100 |
1 |
|
|a Fleming, Denna Frank,
|d 1893-1980.
|
| 245 |
1 |
4 |
|a The treaty veto of the American Senate /
|c by Denna Frank Fleming.
|
| 264 |
|
1 |
|a New York,
|a London :
|b G. P. Putnam's Sons,
|c 1930.
|
| 300 |
|
|
|a ix, 325 pages ;
|c 23 cm.
|
| 336 |
|
|
|a text
|b txt
|2 rdacontent
|
| 337 |
|
|
|a unmediated
|b n
|2 rdamedia
|
| 338 |
|
|
|a volume
|b nc
|2 rdacarrier
|
| 500 |
|
|
|a Originally presented as the author's thesis, University of Illinois, 1928.
|
| 500 |
|
|
|a Without thesis note.
|
| 504 |
|
|
|a Bibliographical footnotes.
|
| 610 |
1 |
0 |
|a United States.
|b Congress.
|b Senate.
|
| 651 |
|
0 |
|a United States
|x Foreign relations
|v Treaties.
|
| 999 |
|
|
|a MARS
|
| 999 |
f |
f |
|s 22d521e1-ee2b-3adf-8c5b-d2c3e7266109
|i 3219e2d2-1dc2-3ee7-bbfc-a91048484116
|t 0
|
| 952 |
f |
f |
|p ric
|a Texas A&M University
|b Rellis Campus
|c Joint Library Facility
|d Remote Storage
|t 0
|e JK1170 .F5
|h Library of Congress classification
|i unmediated -- volume
|m A14800682574
|
| 998 |
f |
f |
|a JK1170 .F5
|t 0
|l Remote Storage
|